[Event "YC 2019 Simultan Vincent Keymer"]
[Site "Bad Soden, H+ Hotel"]
[Date "2019.10.03"]
[Round "1.1"]
[White "Keymer, Vincent"]
[Black "Meisegeier, Jonas"]
[Result "1-0"]
[WhiteElo "2506"]
[BlackElo "1757"]
[PlyCount "71"]
[EventDate "2019.10.03"]
[WhiteTeam "Deizisau"]
[BlackTeam "SC Frankfurt-West"]


{Begonnen '16:30', beendet '19:32'} 1. d4 d5 2. c4 c6 3. Nf3 Nf6 4. e3 Bg4 5.
cxd5 cxd5 6. Nc3 e6 7. Qa4+ Nbd7 8. Ne5 a6 9. Nxg4 Nxg4 10. Bd3 Bd6 11. Qd1
Ngf6 12. O-O O-O 13. Bd2 Rc8 14. Rc1 Qe7 15. h3 Rc6 16. Ne2 Rfc8 17. Qb3 b5 18.
Rxc6 Rxc6 19. a4 bxa4 20. Qxa4 Nb8 21. Rc1 Rxc1+ 22. Nxc1 Qb7 23. Nb3 Nfd7 24.
Bc3 f6 25. Na5 Qc7 26. Nb3 Qb7 27. Nc5 Nxc5 28. Qe8+ Bf8 29. dxc5 Qc7 30. b4 h5
31. f4 Qb7 32. b5 axb5 33. Bxb5 Na6 34. Bxa6 Qxa6 35. c6 Qb6 36. Bd4 1-0

[Event "YC 2019 Simultan Vincent Keymer"]
[Site "Bad Soden, H+ Hotel"]
[Date "2019.10.03"]
[Round "1.2"]
[White "Keymer, Vincent"]
[Black "Künzel, Paul-Gerhardt"]
[Result "1/2-1/2"]
[WhiteElo "2506"]
[BlackElo "1551"]
[PlyCount "71"]
[EventDate "2019.10.03"]
[WhiteTeam "Deizisau"]
[BlackTeam "SC Butzbach 2000"]

{Begonnen '16:30', beendet '19:31'} 1. c4 c5 2. Nf3 Nf6 3. Nc3 Nc6 4. d4 cxd4
5. Nxd4 e6 6. g3 Bc5 7. Nb3 Be7 8. Bg2 O-O 9. O-O d6 10. Bf4 e5 11. Bg5 Be6 12.
Bxf6 Bxf6 13. Nd5 Be7 14. Nd2 Bxd5 15. Bxd5 Qc7 16. Ne4 Kh8 17. Nc3 a6 18. Rc1
Qd7 19. Bg2 Rab8 20. Nd5 Bd8 21. b3 Ne7 22. Nc3 Nc6 23. e3 Ne7 24. Qd3 Ba5 25.
Ne4 Rfd8 26. Rfd1 Bb4 27. Ng5 Ng6 28. Bd5 Rf8 29. h4 f6 30. Nxh7 Kxh7 31. h5 f5
32. hxg6+ Kxg6 33. Kg2 Rh8 34. Rh1 e4 35. Qc2 Qe7 36. Qb2 1/2-1/2

[Event "YC 2019 Simultan Vincent Keymer"]
[Site "Bad Soden, H+ Hotel"]
[Date "2019.10.03"]
[Round "1.4"]
[White "Keymer, Vincent"]
[Black "Sadri, Adrian"]
[Result "1-0"]
[WhiteElo "2506"]
[BlackElo "1243"]
[PlyCount "47"]
[EventDate "2019.10.03"]
[WhiteTeam "Deizisau"]
[BlackTeam "SC Bad Soden"]

{Begonnen '16:30', beendet '18:46'} 1. d4 d5 2. c4 dxc4 3. Nf3 Nc6 4. Nc3 Nf6
5. e4 g6 6. Bxc4 Bg7 7. e5 Nd7 8. Bxf7+ Kxf7 9. Ng5+ Ke8 10. Ne6 Rg8 11. Nxd8
Kxd8 12. O-O Nb6 13. f4 Bf5 14. d5 Nb4 15. Be3 Nc4 16. Bc5 Na6 17. Bf2 Bh6 18.
Qd4 Nb6 19. d6 exd6 20. exd6 cxd6 21. Qxd6+ Nd7 22. Rad1 Bg4 23. Qd5 Rb8 24.
Bh4+ 1-0

[Event "YC 2019 Simultan Vincent Keymer"]
[Site "Bad Soden, H+ Hotel"]
[Date "2019.10.03"]
[Round "1.5"]
[White "Keymer, Vincent"]
[Black "Peschk, Kathrin"]
[Result "1-0"]
[WhiteElo "2506"]
[BlackElo "1403"]
[PlyCount "81"]
[EventDate "2019.10.03"]
[WhiteTeam "Deizisau"]
[BlackTeam "SV 1946 Groß-Gerau"]

{Begonnen '16:30', beendet '19:38'} 1. c4 b6 2. d4 Bb7 3. Nc3 Nf6 4. Qc2 e6 5.
e4 d5 6. cxd5 exd5 7. e5 Ne4 8. Bb5+ c6 9. Bd3 Nxc3 10. bxc3 Nd7 11. f4 c5 12.
Nf3 c4 13. Be2 Be7 14. O-O O-O 15. Ng5 g6 16. e6 f6 17. Nf7 Qc7 18. f5 g5 19.
h4 Qg3 20. hxg5 fxg5 21. Nh6+ Kg7 22. f6+ Kxh6 23. fxe7 Rxf1+ 24. Bxf1 Nf6 25.
Qf2 Qxf2+ 26. Kxf2 Ne4+ 27. Ke3 Nxc3 28. Bb2 Ne4 29. Be2 Re8 30. Ba3 Nf6 31.
Rf1 Kg6 32. Bd1 Bc6 33. Bc2+ Kg7 34. Bd6 Ne4 35. Bxe4 dxe4 36. Rf8 c3 37. d5
Bb5 38. Be5+ Kg6 39. Rxe8 Bxe8 40. d6 Bf7 41. d7 1-0

[Event "YC 2019 Simultan Vincent Keymer"]
[Site "Bad Soden, H+ Hotel"]
[Date "2019.10.03"]
[Round "1.6"]
[White "Keymer, Vincent"]
[Black "Lochmann, Tobias"]
[Result "1-0"]
[WhiteElo "2506"]
[BlackElo "1199"]
[PlyCount "47"]
[EventDate "2019.10.03"]
[WhiteTeam "Deizisau"]
[BlackTeam "SV 1946 Groß-Gerau"]

{Begonnen '16:30', beendet '18:47'} 1. Nf3 g6 2. d4 Nf6 3. c4 Bg7 4. g3 O-O 5.
Bg2 Nc6 6. O-O d6 7. Nc3 Bg4 8. h3 Bd7 9. e4 e5 10. d5 Nd4 11. Nxd4 exd4 12.
Qxd4 Ne8 13. Qd3 Qf6 14. Be3 c6 15. dxc6 Bxc6 16. Rad1 a6 17. Bd4 d5 18. Bxf6
Bxf6 19. cxd5 Bb5 20. Nxb5 axb5 21. Qxb5 Nd6 22. Qb3 Rad8 23. f4 g5 24. e5 1-0

[Event "YC 2019 Simultan Vincent Keymer"]
[Site "Bad Soden, H+ Hotel"]
[Date "2019.10.03"]
[Round "1.7"]
[White "Keymer, Vincent"]
[Black "Herrmann, Adrian"]
[Result "1-0"]
[WhiteElo "2506"]
[BlackElo "1577"]
[PlyCount "55"]
[EventDate "2019.10.03"]
[WhiteTeam "Deizisau"]
[BlackTeam "SF Karlsbad"]

{Begonnen '16:30', beendet '18:52'} 1. d4 d5 2. c4 c6 3. Nf3 Nf6 4. e3 Nbd7 5.
Nc3 dxc4 6. Bxc4 Nb6 7. Bb3 Bf5 8. O-O e6 9. Qe2 Be7 10. h3 O-O 11. e4 Bg6 12.
Rd1 Qc7 13. Ne5 Rad8 14. Bf4 Qc8 15. Rac1 Nbd7 16. Nxg6 hxg6 17. d5 exd5 18.
exd5 Rfe8 19. dxc6 Qxc6 20. Nd5 Bc5 21. Qf3 Nxd5 22. Bxd5 Qb6 23. Bc7 Qxc7 24.
Qxf7+ Kh7 25. Rc4 Re5 26. Rh4+ Rh5 27. Rxh5+ gxh5 28. Qxh5# 1-0

[Event "YC 2019 Simultan Vincent Keymer"]
[Site "Bad Soden, H+ Hotel"]
[Date "2019.10.03"]
[Round "1.8"]
[White "Keymer, Vincent"]
[Black "Reiss, Peter"]
[Result "1-0"]
[WhiteElo "2506"]
[BlackElo "1594"]
[PlyCount "31"]
[EventDate "2019.10.03"]
[WhiteTeam "Deizisau"]
[BlackTeam "SF Heidesheim"]

{Begonnen '16:30', beendet '18:01'} 1. c4 c5 2. Nf3 Nf6 3. Nc3 Nc6 4. g3 g6 5.
Bg2 Bg7 6. O-O O-O 7. d4 cxd4 8. Nxd4 Nxd4 9. Qxd4 d6 10. Bg5 a6 11. Rfd1 Rb8
12. c5 Nd7 13. Qe3 Qe8 14. Bxe7 dxc5 15. Nd5 Bxb2 16. Nc7 1-0

[Event "YC 2019 Simultan Vincent Keymer"]
[Site "Bad Soden, H+ Hotel"]
[Date "2019.10.03"]
[Round "1.9"]
[White "Keymer, Vincent"]
[Black "Kosak, Karoline"]
[Result "1/2-1/2"]
[WhiteElo "2506"]
[BlackElo "1212"]
[PlyCount "63"]
[EventDate "2019.10.03"]
[WhiteTeam "Deizisau"]
[BlackTeam "SV Frankfurt-Nord"]

{Begonnen '16:30', beendet '19:16'} 1. Nf3 d5 2. e3 Nf6 3. c4 e6 4. Nc3 Be7 5.
b3 O-O 6. Bb2 c5 7. cxd5 Nxd5 8. Qb1 b6 9. h4 h6 10. g4 g6 11. h5 g5 12. Bd3
Bf6 13. Be4 Bb7 14. Bxd5 Bxd5 15. Nxd5 Bxb2 16. Qxb2 Qxd5 17. Ke2 Nc6 18. Rhd1
Rad8 19. d3 f5 20. gxf5 Qxf5 21. Rf1 Qxf3+ 22. Kd2 Qxh5 23. Qc3 Kh7 24. a3 Qg6
25. Ke2 Qf6 26. Qxf6 Rxf6 27. Rad1 h5 28. Rg1 Rg6 29. Rg2 Rdg8 30. Rh1 h4 31.
f3 Nd8 32. Rg4 1/2-1/2

[Event "YC 2019 Simultan Vincent Keymer"]
[Site "Bad Soden, H+ Hotel"]
[Date "2019.10.03"]
[Round "1.10"]
[White "Keymer, Vincent"]
[Black "Fuchs, Henrik"]
[Result "1-0"]
[WhiteElo "2506"]
[BlackElo "1348"]
[PlyCount "71"]
[EventDate "2019.10.03"]
[WhiteTeam "Deizisau"]
[BlackTeam "SC Bad Soden"]

{[%evp 0,71,19,9,18,-10,43,29,51,-4,30,41,60,45,76,30,119,98,230,224,224,171,
401,350,555,555,552,561,554,561,559,574,571,573,613,572,719,553,563,610,626,
620,666,803,869,886,946,742,811,-18,-8,74,73,10,20,15,103,103,106,119,134,118,
141,158,149,190,232,134,152,150,174,195,138,96] Begonnen '16:30', beendet '19:
40'} 1. d4 d5 2. c4 dxc4 3. Nf3 c5 4. d5 e6 5. Nc3 Nf6 6. e4 exd5 7. e5 Qe7 8.
Be2 Nfd7 9. Nxd5 Qd8 10. Bg5 f6 11. exf6 Nxf6 12. Nxf6+ gxf6 13. Qxd8+ Kxd8 14.
Bxf6+ Kc7 15. Bxh8 Be6 16. Be5+ Kc6 17. Bg3 Bg7 18. Ne5+ Kb5 19. a4+ Kb4 20.
Bf4 c3 21. bxc3+ Kxc3 22. O-O Kd4 23. Rac1 Bxe5 24. Rc4+ Bxc4 25. Be3+ Kd5 26.
Bf3+ Kd6 27. Bxb7 Bxf1 28. Kxf1 Nc6 29. Bxa8 c4 30. f4 Bd4 31. Ke2 Bxe3 32.
Kxe3 Ne7 33. Ke4 Kc5 34. g4 h6 35. g5 Kb4 36. f5 1-0

[Event "YC 2019 Simultan Vincent Keymer"]
[Site "Bad Soden, H+ Hotel"]
[Date "2019.10.03"]
[Round "1.11"]
[White "Keymer, Vincent"]
[Black "Middendorf, Sven-Jonas"]
[Result "1-0"]
[WhiteElo "2506"]
[BlackElo "1382"]
[PlyCount "97"]
[EventDate "2019.10.03"]
[WhiteTeam "Deizisau"]
[BlackTeam "SV Hellas-Nauen"]

{[%evp 0,97,16,-4,-26,-51,-18,-35,7,-4,52,22,22,15,35,43,64,39,77,76,79,77,72,
57,66,48,75,0,117,5,106,62,105,101,97,43,147,-5,98,20,39,66,66,21,139,81,77,77,
202,242,211,193,141,149,149,138,241,258,230,230,289,266,266,234,199,199,189,
219,312,328,328,40,78,44,123,74,83,20,21,-11,-6,-6,0,-4,-9,-18,18,26,36,31,52,
52,242,242,404,300,329,307,29999,-30000] Begonnen '16:30', beendet '19:59'} 1.
c4 e5 2. g3 Nf6 3. Bg2 Be7 4. Nc3 c6 5. Nf3 d6 6. O-O Be6 7. d4 exd4 8. Nxd4
Qd7 9. Nxe6 Qxe6 10. b3 O-O 11. Bb2 Nbd7 12. e4 Rae8 13. f4 g6 14. h3 Nc5 15.
Re1 Rd8 16. Qd2 Rfe8 17. f5 Qc8 18. g4 Bf8 19. g5 Nfd7 20. b4 Na6 21. Ne2 Nb6
22. Qd4 Re5 23. c5 Nd7 24. cxd6 c5 25. bxc5 Qxc5 26. Qxc5 Rxc5 27. Rad1 Nb6 28.
e5 Nc4 29. Bd4 Ra5 30. Nc3 Nb4 31. fxg6 hxg6 32. Ne4 Nc2 33. Bc3 Nxe1 34. Nf6+
Kg7 35. Rxe1 Ra3 36. Nd5 Na5 37. Re2 Nc6 38. h4 Kh7 39. Bh3 Bg7 40. Bg2 a6 41.
Ba1 Ra4 42. Nf6+ Bxf6 43. gxf6 Rxh4 44. Bd5 Rg4+ 45. Kf2 Nb4 46. Bxf7 Rf8 47.
Be6 Rf4+ 48. Kg3 Rf1 49. Rh2# 1-0

[Event "YC 2019 Simultan Vincent Keymer"]
[Site "Bad Soden, H+ Hotel"]
[Date "2019.10.03"]
[Round "1.12"]
[White "Keymer, Vincent"]
[Black "Leminsky, Leo"]
[Result "1/2-1/2"]
[WhiteElo "2506"]
[BlackElo "1200"]
[PlyCount "55"]
[EventDate "2019.10.03"]
[WhiteTeam "Deizisau"]
[BlackTeam "OSG Baden-Baden"]

{Begonnen '16:30', beendet '19:01'} 1. Nf3 c5 2. c4 g6 3. Nc3 Nf6 4. g3 b6 5.
Bg2 Nc6 6. O-O a6 7. b3 Bg7 8. Bb2 h5 9. h4 d6 10. Nd5 Be6 11. Nxf6+ exf6 12.
Ng5 fxg5 13. Bxg7 Rg8 14. hxg5 Rxg7 15. Bxc6+ Bd7 16. Bxd7+ Qxd7 17. d4 cxd4
18. Qxd4 Rd8 19. Rad1 Rg8 20. e4 Kf8 21. e5 Re8 22. Rfe1 Qd8 23. e6 fxe6 24.
Qf4+ Kg7 25. Kg2 e5 26. Qe4 a5 27. Qb7+ Kh8 28. Rd2 1/2-1/2

[Event "YC 2019 Simultan Vincent Keymer"]
[Site "Bad Soden, H+ Hotel"]
[Date "2019.10.03"]
[Round "1.13"]
[White "Keymer, Vincent"]
[Black "Leminsky, Clemens"]
[Result "1-0"]
[WhiteElo "2506"]
[BlackElo "1200"]
[PlyCount "31"]
[EventDate "2019.10.03"]
[WhiteTeam "Deizisau"]
[BlackTeam "OSG Baden-Baden"]

{Begonnen '16:30', beendet '18:25'} 1. d4 e6 2. c4 Bb4+ 3. Nd2 Nc6 4. Ngf3 Nge7
5. e4 h5 6. a3 b6 7. axb4 Nxb4 8. Be2 Bb7 9. O-O Ng6 10. d5 Ne7 11. b3 Rh6 12.
Bb2 g6 13. Bc3 Na6 14. b4 e5 15. Nxe5 Rc8 16. f4 {Rest nicht nachvollziehbar.
1-0 (21)} 1-0

[Event "YC 2019 Simultan Vincent Keymer"]
[Site "Bad Soden, H+ Hotel"]
[Date "2019.10.03"]
[Round "1.14"]
[White "Keymer, Vincent"]
[Black "Haller, Andreas"]
[Result "1-0"]
[WhiteElo "2506"]
[BlackElo "1087"]
[PlyCount "57"]
[EventDate "2019.10.03"]
[WhiteTeam "Deizisau"]
[BlackTeam "SC Bad Soden"]

{Begonnen '16:30', beendet '19:20'} 1. c4 e5 2. g3 Nf6 3. Bg2 d5 4. cxd5 Nxd5
5. Nc3 Nxc3 6. bxc3 Bc5 7. Nf3 Nc6 8. O-O O-O 9. Bb2 Bf5 10. d4 exd4 11. cxd4
Bd6 12. d5 Ne7 13. Nd4 Bg6 14. e4 Be5 15. f4 Bxd4+ 16. Qxd4 f6 17. e5 Nf5 18.
Qc3 fxe5 19. fxe5 Qe7 20. e6 Rad8 21. g4 Nh4 22. Ba3 Qe8 23. e7 Rxf1+ 24. Rxf1
Bf7 25. exd8=Q Qxd8 26. Qe5 Nxg2 27. Bb2 Kf8 28. Qxg7+ Ke8 29. Qxf7# 1-0

[Event "YC 2019 Simultan Vincent Keymer"]
[Site "Bad Soden, H+ Hotel"]
[Date "2019.10.03"]
[Round "1.15"]
[White "Keymer, Vincent"]
[Black "Haller, Christian"]
[Result "1-0"]
[WhiteElo "2506"]
[BlackElo "1325"]
[PlyCount "65"]
[EventDate "2019.10.03"]
[WhiteTeam "Deizisau"]
[BlackTeam "SC Bad Soden"]

{Begonnen '16:30', beendet '19:21'} 1. Nf3 Nc6 2. d4 e6 3. c4 d5 4. Nc3 Nf6 5.
cxd5 exd5 6. Bg5 Be7 7. e3 a6 8. Bd3 O-O 9. O-O Bg4 10. h3 Bh5 11. Be2 h6 12.
Bxf6 Bxf6 13. Qb3 Ne7 14. Rfc1 b5 15. Qd1 Rc8 16. b4 Bg6 17. Ne5 Qd6 18. Nxg6
Nxg6 19. a3 Bh4 20. Bf3 c6 21. Ne2 Rfe8 22. g3 Bxg3 23. Nxg3 Rxe3 24. Nf5 Qf6
25. Nxe3 Qg5+ 26. Bg2 Nf4 27. Qg4 Qxg4 28. hxg4 Ne2+ 29. Kf1 Nxc1 30. Rxc1 Re8
31. Rxc6 Ra8 32. Bxd5 a5 33. Rb6 1-0

[Event "YC 2019 Simultan Vincent Keymer"]
[Site "Bad Soden, H+ Hotel"]
[Date "2019.10.03"]
[Round "1.16"]
[White "Keymer, Vincent"]
[Black "Neininger, Sarah"]
[Result "1/2-1/2"]
[WhiteElo "2506"]
[BlackElo "1113"]
[PlyCount "54"]
[EventDate "2019.10.03"]
[WhiteTeam "Deizisau"]
[BlackTeam "SV Oberursel"]

{Begonnen '16:30', beendet '18:58'} 1. d4 d5 2. c4 e6 3. Nc3 Nf6 4. cxd5 exd5
5. Bg5 Be6 6. Qb3 c6 7. Qxb7 Nbd7 8. Bxf6 Nxf6 9. e3 Qc8 10. Qxc8+ Rxc8 11. Nf3
Bd6 12. Be2 O-O 13. O-O c5 14. dxc5 Bxc5 15. Rfd1 Rfd8 16. Rac1 Bd6 17. Nd4 Bg4
18. Bxg4 Nxg4 19. h3 Nf6 20. Ncb5 Rxc1 21. Rxc1 h6 22. Nxd6 Rxd6 23. Rc6 Rxc6
24. Nxc6 a6 25. a3 Nd7 26. Kf1 Nc5 27. Ke1 Nd3+ 1/2-1/2

[Event "YC 2019 Simultan Vincent Keymer"]
[Site "Bad Soden, H+ Hotel"]
[Date "2019.10.03"]
[Round "1.17"]
[White "Keymer, Vincent"]
[Black "Neininger, Pascal"]
[Result "1-0"]
[WhiteElo "2506"]
[BlackElo "759"]
[PlyCount "37"]
[EventDate "2019.10.03"]
[WhiteTeam "Deizisau"]
[BlackTeam "Chess Tigers"]

{Begonnen '16:30', beendet '18:15'} 1. c4 e5 2. g3 Bc5 3. Nc3 d6 4. Bg2 Bf5 5.
Bxb7 c6 6. Bxa8 Qc8 7. Qb3 Na6 8. Bb7 Qb8 9. Bxc6+ Bd7 10. Bxd7+ Kxd7 11. Qa4+
Kc7 12. Qxa6 Qb7 13. Nd5+ Kb8 14. Qa5 Qc8 15. b4 Bb6 16. Nxb6 axb6 17. Qxb6+
Qb7 18. Qxb7+ Kxb7 19. Nf3 1-0

[Event "YC 2019 Simultan Vincent Keymer"]
[Site "Bad Soden, H+ Hotel"]
[Date "2019.10.03"]
[Round "1.18"]
[White "Keymer, Vincent"]
[Black "Wilczek, Jan-Philipp"]
[Result "1-0"]
[WhiteElo "2506"]
[BlackElo "837"]
[PlyCount "43"]
[EventDate "2019.10.03"]
[WhiteTeam "Deizisau"]
[BlackTeam "SC Bad Soden"]

{Begonnen '16:30', beendet '18:22'} 1. Nf3 d5 2. e3 Nc6 3. d4 Nf6 4. c4 e6 5.
Nc3 Bb4 6. Bd2 Ne4 7. cxd5 exd5 8. Bd3 Bxc3 9. bxc3 Bg4 10. c4 Nxd2 11. Qxd2
Bxf3 12. gxf3 O-O 13. Rg1 h6 14. Qe2 Rb8 15. Rb1 Qd6 16. cxd5 Qxd5 17. Rb5 Qd6
18. Rh5 Nb4 19. Bb1 Nc6 20. d5 Ne7 21. Qb2 Nxd5 22. Qxg7# 1-0

[Event "YC 2019 Simultan Vincent Keymer"]
[Site "Bad Soden, H+ Hotel"]
[Date "2019.10.03"]
[Round "1.20"]
[White "Keymer, Vincent"]
[Black "Ninnemann, Patrick"]
[Result "1-0"]
[WhiteElo "2506"]
[BlackElo "871"]
[PlyCount "53"]
[EventDate "2019.10.03"]
[WhiteTeam "Deizisau"]
[BlackTeam "SC Bad Soden"]

{Begonnen '16:30', beendet '19:08'} 1. c4 e5 2. g3 Nc6 3. Bg2 g6 4. Nc3 Bg7 5.
d3 Nge7 6. Rb1 O-O 7. b4 d6 8. Nf3 Be6 9. O-O d5 10. Ng5 dxc4 11. Nxe6 fxe6 12.
Ne4 cxd3 13. Nc5 Qc8 14. Qxd3 Rd8 15. Qb3 Rd6 16. e3 b6 17. Ne4 Rd5 18. Bb2 a5
19. a3 axb4 20. axb4 Qd7 21. Nc3 Rd3 22. Rbd1 Rxd1 23. Rxd1 Qc8 24. Qc4 Qb7 25.
b5 e4 26. Qxe6+ Kf8 27. Bxe4 1-0

[Event "YC 2019 Simultan Vincent Keymer"]
[Site "Bad Soden, H+ Hotel"]
[Date "2019.10.03"]
[Round "1.21"]
[White "Keymer, Vincent"]
[Black "Malsy, Lotte"]
[Result "1-0"]
[WhiteElo "2506"]
[BlackElo "793"]
[PlyCount "80"]
[EventDate "2019.10.03"]
[WhiteTeam "Deizisau"]
[BlackTeam "SC Bad Soden"]

{Begonnen '16:30', beendet '19:41'} 1. Nf3 Nc6 2. d4 d5 3. c4 Nf6 4. cxd5 Nxd5
5. e4 Nf6 6. Nc3 Bg4 7. d5 Ne5 8. Bb5+ Nfd7 9. Nxe5 Bxd1 10. Bxd7+ Qxd7 11.
Nxd7 Kxd7 12. Kxd1 e6 13. Be3 b6 14. Kc2 Bc5 15. Bxc5 bxc5 16. Rad1 Rad8 17.
dxe6+ Kxe6 18. Rxd8 Rxd8 19. Rd1 Rxd1 20. Kxd1 c6 21. Ke2 f5 22. exf5+ Kxf5 23.
Kd3 Ke6 24. Kc4 Kd6 25. Ne4+ Kc7 26. Kxc5 h6 27. b4 g6 28. a4 h5 29. h3 h4 30.
g3 hxg3 31. fxg3 Kb7 32. g4 Kc7 33. h4 a5 34. h5 gxh5 35. gxh5 axb4 36. Kxb4
Kb7 37. h6 Kc7 38. h7 Kb6 39. h8=Q Ka6 40. Nc5+ Ka7 1-0

[Event "YC 2019 Simultan Vincent Keymer"]
[Site "Bad Soden, H+ Hotel"]
[Date "2019.10.03"]
[Round "1.22"]
[White "Keymer, Vincent"]
[Black "Roos Nazario, Lukas"]
[Result "1-0"]
[WhiteElo "2506"]
[BlackElo "844"]
[PlyCount "54"]
[EventDate "2019.10.03"]
[WhiteTeam "Deizisau"]
[BlackTeam "TTC Grün-Weiß Fritzdorf"]

{Begonnen '16:30', beendet '20:11'} 1. d4 d5 2. c4 e6 3. Nc3 Nf6 4. cxd5 exd5
5. Bg5 Be7 6. e3 Be6 7. Bd3 O-O 8. Nge2 Nbd7 9. Nf4 g6 10. Nxe6 fxe6 11. h4 Kg7
12. h5 Rh8 13. g4 Nf8 14. Qc2 Rb8 15. O-O-O Ra8 16. hxg6 Nxg6 17. Bh6+ Kf7 18.
f4 Bf8 19. f5 Ne7 20. g5 Ng4 21. g6+ hxg6 22. fxg6+ Kg8 23. Rdf1 Nf5 24. Bxf5
Bxh6 25. Bxg4 Bxe3+ 26. Kb1 Rxh1 27. Rxh1 Bxd4 {Partieformular nicht mehr
lesbar. 1-0 (60)} 1-0

[Event "YC 2019 Simultan Vincent Keymer"]
[Site "Bad Soden, H+ Hotel"]
[Date "2019.10.03"]
[Round "1.23"]
[White "Keymer, Vincent"]
[Black "Roos Nazario, Valentin"]
[Result "1-0"]
[WhiteElo "2506"]
[BlackElo "1017"]
[Annotator "Schloessner,Henrik"]
[PlyCount "48"]
[EventDate "2019.10.03"]
[WhiteTeam "Deizisau"]
[BlackTeam "TTC Grün-Weiß Fritzdorf"]

{Begonnen '16:30', beendet '20:01'} 1. c4 e5 2. g3 Bc5 3. Nc3 Nf6 4. Bg2 Nc6 5.
e3 d6 6. Nge2 Bg4 7. h3 Bh5 8. g4 Bg6 9. d4 Bb6 10. O-O Rb8 11. f4 h6 12. f5
Bh7 13. Na4 Rc8 14. Nxb6 cxb6 15. b3 O-O 16. Bb2 Re8 17. Nc3 Qd7 18. Nd5 Nxd5
19. cxd5 Na5 20. dxe5 dxe5 21. e4 f6 22. Qd3 Red8 23. Rfc1 Qd6 24. a3 Qc5+ {
Partie nicht nachvollziehbar! 1-0 (53)} 1-0

[Event "YC 2019 Simultan Vincent Keymer"]
[Site "Bad Soden, H+ Hotel"]
[Date "2019.10.03"]
[Round "1.25"]
[White "Keymer, Vincent"]
[Black "Atar, Efecan"]
[Result "1-0"]
[WhiteElo "2506"]
[BlackElo "1417"]
[Annotator "Schloessner,Henrik"]
[PlyCount "24"]
[EventDate "2019.10.03"]
[WhiteTeam "Deizisau"]
[BlackTeam "Schachclub Kerben 64"]

{Begonnen '16:30', beendet '19:13'} 1. d4 Nf6 2. c4 e6 3. Nf3 b6 4. g3 Bb7 5.
Bg2 c5 6. d5 exd5 7. cxd5 Bxd5 8. Nc3 Bc6 9. O-O Be7 10. e4 d6 11. Nh4 Nbd7 12.
Nf5 O-O {Partie spätestens ab hier nicht mehr nachvollziehbar! 1-0 (ca. 29)}
1-0

[Event "YC 2019 Simultan Vincent Keymer"]
[Site "Bad Soden, H+ Hotel"]
[Date "2019.10.03"]
[Round "1.26"]
[White "Keymer, Vincent"]
[Black "Atar, Semih Akif"]
[Result "1-0"]
[WhiteElo "2506"]
[BlackElo "1000"]
[Annotator "Schloessner,Henrik"]
[PlyCount "28"]
[EventDate "2019.10.03"]
[WhiteTeam "Deizisau"]
[BlackTeam "Schachclub Kerben 64"]

{Begonnen '16:30', beendet '18:27'} 1. c4 e5 2. g3 Nc6 3. Bg2 Nge7 4. Nc3 b6 5.
Nf3 f6 6. d4 exd4 7. Nxd4 Ba6 8. Ndb5 Nf5 9. O-O Bb4 10. Nd5 Bxb5 11. cxb5 Rc8
12. bxc6 dxc6 13. Nxb4 Qxd1 14. Rxd1 c5 {Rest der Partie nicht
nachvollziehbar! 1-0 (ca. 19)} 1-0

[Event "YC 2019 Simultan Vincent Keymer"]
[Site "Bad Soden, H+ Hotel"]
[Date "2019.10.03"]
[Round "1.27"]
[White "Keymer, Vincent"]
[Black "Hery, Bastian"]
[Result "1-0"]
[WhiteElo "2506"]
[BlackElo "1549"]
[Annotator "Schloessner,Henrik"]
[PlyCount "82"]
[EventDate "2019.10.03"]
[WhiteTeam "Deizisau"]
[BlackTeam "Vorw. Orient Mainz"]

{Begonnen '16:30', beendet '20:07'} 1. Nf3 Nf6 2. c4 c5 3. Nc3 Nc6 4. g3 g6 5.
Bg2 Bg7 6. O-O O-O 7. d4 cxd4 8. Nxd4 d5 9. cxd5 Nxd5 10. Nxd5 Nxd4 11. Bg5 Nf5
12. e4 f6 13. exf5 fxg5 14. fxg6 hxg6 15. Qb3 Kh8 16. Rad1 Bf5 17. Ne3 Qb6 18.
Bxb7 Qxb3 19. axb3 Rab8 20. Bd5 Bxb2 21. Nxf5 gxf5 22. Rfe1 e5 23. Bc4 Rfd8 24.
Kg2 Bc3 25. Rh1 Rd4 26. h4 gxh4 27. Rxd4 Bxd4 28. Rxh4+ Kg7 29. Rh5 Kg6 30. Rh1
Kg5 31. Rh7 Rf8 32. Rd7 Kg6 33. f4 Kf6 34. Rd6+ Kg7 35. fxe5 Bxe5 36. Rd7+ Kg6
37. Rxa7 f4 38. Ra6+ Rf6 39. Rxf6+ Kxf6 40. g4 Bd6 41. Kf3 Kg5 {Spätestens ab
hier nicht mehr nachvollziehbar. 1-0 (ca.51)} 1-0

[Event "YC 2019 Simultan Vincent Keymer"]
[Site "Bad Soden, H+ Hotel"]
[Date "2019.10.03"]
[Round "1.28"]
[White "Keymer, Vincent"]
[Black "Weinhold, Roman"]
[Result "1-0"]
[WhiteElo "2506"]
[BlackElo "1218"]
[PlyCount "79"]
[EventDate "2019.10.03"]
[WhiteTeam "Deizisau"]
[BlackTeam "Sgem Vaihingen-Rohr"]

{Begonnen '16:30', beendet '19:44'} 1. d4 Nf6 2. c4 d6 3. Nf3 g6 4. g3 Bg7 5.
Bg2 O-O 6. O-O Nbd7 7. Nc3 e5 8. e4 exd4 9. Nxd4 Ne5 10. b3 c5 11. Nde2 Bg4 12.
f3 Be6 13. f4 Nc6 14. Bb2 Qd7 15. Qd2 Bh3 16. Rad1 Bxg2 17. Kxg2 Ng4 18. h3
Bxc3 19. Qxc3 f6 20. hxg4 Qxg4 21. Qf3 Qe6 22. f5 gxf5 23. exf5 Qe7 24. Nf4 Nb4
25. Ne6 Rfe8 26. a3 Nc6 27. Qg4+ Kh8 28. Rxd6 Rg8 29. Qh4 Rxg3+ 30. Qxg3 Rg8
31. Rf3 Rxg3+ 32. Rxg3 h5 33. Rd7 h4 34. Rxe7 hxg3 35. Bxf6+ Kg8 36. Rg7+ Kh8
37. Rxb7+ Kg8 38. Rg7+ Kh8 39. Rg6+ Kh7 40. Nf8# 1-0

[Event "YC 2019 Simultan Vincent Keymer"]
[Site "Bad Soden, H+ Hotel"]
[Date "2019.10.03"]
[Round "1.30"]
[White "Keymer, Vincent"]
[Black "Dütsch, Hannes"]
[Result "1-0"]
[WhiteElo "2506"]
[BlackElo "905"]
[Annotator "Schloessner,Henrik"]
[PlyCount "49"]
[EventDate "2019.10.03"]
[WhiteTeam "Deizisau"]
[BlackTeam "SK Schweinfurt 2000"]

{Begonnen '16:30', beendet '19:38'} 1. Nf3 c5 2. e3 Nc6 3. d4 cxd4 4. exd4 e6
5. c4 Nf6 6. Nc3 g6 7. d5 Ne7 8. Nb5 Nf5 9. Bd3 Nd6 10. Nxd6+ Bxd6 11. Bh6 b6
12. O-O Qc7 13. Bg7 Rg8 14. Bxf6 Bb7 15. Re1 Bb4 16. Re2 h5 17. Qa4 Bd6 18. Be4
a5 19. dxe6 Bxe4 20. Rxe4 Rb8 21. Ng5 Bxh2+ 22. Kh1 fxe6 23. Rxe6+ Kf8 24. Qa3+
d6 25. Kxh2 {Ab hier nicht mehr nachvollziehbar. 1-0 (ca. 38)} 1-0